| Tag |
First Indicator |
Second Indicator |
Subfields |
| LEADER |
00000cam a2200000 a 4500 |
| 001 |
in00000009247 |
| 005 |
20151007051516.0 |
| 008 |
870717s1987 maua b 00110 eng |
| 010 |
|
|
|a 87017265
|
| 020 |
|
|
|a 0898382459
|
| 035 |
|
|
|a (OCoLC)16353569
|
| 035 |
|
|
|9 AAA3327AM
|
| 040 |
|
|
|a DLC
|c DLC
|d TXA
|d UtOrBLW
|
| 049 |
|
|
|a TXAM
|c [A12619359]
|
| 050 |
0 |
0 |
|a TJ211
|b .A45 1987
|
| 082 |
0 |
|
|a 629.8/92
|2 19
|
| 100 |
1 |
|
|a Allen, Peter K.
|
| 245 |
1 |
0 |
|a Robotic object recognition using vision and touch /
|c by Peter K. Allen.
|
| 264 |
|
1 |
|a Boston :
|b Kluwer Academic Publishers,
|c [1987]
|
| 264 |
|
4 |
|c ©1987
|
| 300 |
|
|
|a viii, 172 pages :
|b illustrations ;
|c 24 cm.
|
| 336 |
|
|
|a text
|b txt
|2 rdacontent
|
| 337 |
|
|
|a unmediated
|b n
|2 rdamedia
|
| 338 |
|
|
|a volume
|b nc
|2 rdacarrier
|
| 490 |
1 |
|
|a The Kluwer international series in engineering and computer science ;
|v SECS 34.
|a Robotics
|
| 504 |
|
|
|a Bibliography: pages [151]-156.
|
| 500 |
|
|
|a Includes index.
|
| 650 |
|
0 |
|a Robotics.
|
| 650 |
|
0 |
|a Robot vision.
|
| 650 |
|
0 |
|a Pattern recognition systems.
|
| 830 |
|
0 |
|a Kluwer international series in engineering and computer science ;
|v SECS 34.
|
| 830 |
|
0 |
|a Kluwer international series in engineering and computer science.
|p Robotics.
|
| 999 |
|
|
|a MARS
|
| 999 |
f |
f |
|s d2bcf6e9-fe5c-34e0-95be-81af7965213d
|i b2415630-0ccf-3640-be19-4628fbff3919
|t 0
|
| 952 |
f |
f |
|p ric
|a Texas A&M University
|b Rellis Campus
|c Joint Library Facility
|d Remote Storage
|t 0
|e TJ211 .A45 1987
|h Library of Congress classification
|i unmediated -- volume
|m A14812619359
|
| 998 |
f |
f |
|a TJ211 .A45 1987
|t 0
|l Remote Storage
|